Biophilic cities : (Record no. 11083)

000 -LEADER
fixed length control field 01317cam a22003134a 4500
001 - CONTROL NUMBER
control field 16145487
005 - DATE AND TIME OF LATEST TRANSACTION
control field 20221230132743.0
008 - FIXED-LENGTH DATA ELEMENTS--GENERAL INFORMATION
fixed length control field 100319s2011 dcua b 001 0 eng
010 ## - LIBRARY OF CONGRESS CONTROL NUMBER
LC control number 2010011658
020 ## - INTERNATIONAL STANDARD BOOK NUMBER
International Standard Book Number 9781597267144 (cloth : alk. paper)
020 ## - INTERNATIONAL STANDARD BOOK NUMBER
International Standard Book Number 1597267147 (cloth : alk. paper)
020 ## - INTERNATIONAL STANDARD BOOK NUMBER
International Standard Book Number 9781597267151 (pbk. : alk. paper)
020 ## - INTERNATIONAL STANDARD BOOK NUMBER
International Standard Book Number 1597267155 (pbk. : alk. paper)
040 ## - CATALOGING SOURCE
Original cataloging agency DLC
Transcribing agency DLC
050 00 - LIBRARY OF CONGRESS CALL NUMBER
Classification number HT166
Item number .B3927 2011
082 00 - DEWEY DECIMAL CLASSIFICATION NUMBER
Classification number 307.1/216
Edition number 22
100 1# - MAIN ENTRY--PERSONAL NAME
Personal name Beatley, Timothy,
Dates associated with a name 1957-
245 10 - TITLE STATEMENT
Title Biophilic cities :
Remainder of title integrating nature into urban design and planning /
Statement of responsibility, etc. Timothy Beatley.
260 ## - PUBLICATION, DISTRIBUTION, ETC.
Place of publication, distribution, etc. Washington, DC :
Name of publisher, distributor, etc. Island Press,
Date of publication, distribution, etc. 2011.
300 ## - PHYSICAL DESCRIPTION
Extent xvi, 191 p. :
Other physical details ill. ;
Dimensions 24 cm.
504 ## - BIBLIOGRAPHY, ETC. NOTE
Bibliography, etc. note Includes bibliographical references (p. 159-179) and index.
650 #0 - SUBJECT ADDED ENTRY--TOPICAL TERM
Topical term or geographic name entry element City planning
General subdivision Environmental aspects.
650 #0 - SUBJECT ADDED ENTRY--TOPICAL TERM
Topical term or geographic name entry element Sustainable development.
650 #0 - SUBJECT ADDED ENTRY--TOPICAL TERM
Topical term or geographic name entry element Human ecology.
650 #0 - SUBJECT ADDED ENTRY--TOPICAL TERM
Topical term or geographic name entry element Urban ecology (Sociology)
906 ## - LOCAL DATA ELEMENT F, LDF (RLIN)
a 7
b cbc
c orignew
d 1
e ecip
f 20
g y-gencatlg
925 0# -
-- acquire
-- 2 shelf copies
-- policy default
-- claim1 2011-02-14
955 ## - COPY-LEVEL INFORMATION (RLIN)
-- xj03 2010-04-07
-- xj04 2010-04-07 to Dewey
-- rd06 2010-04-07
-- xh16 2011-03-02 to BCCD
-- re12 2011-03-10 telework copy 2 to BCCD
Holdings
Withdrawn status Lost status Source of classification or shelving scheme Damaged status Not for loan Permanent Location Current Location Date acquired Source of acquisition Cost, normal purchase price Total Checkouts Barcode Date last seen Date last checked out Cost, replacement price Price effective from Koha item type
          BMS College of Architecture, Design and Planning BMS College of Architecture, Design and Planning 2023-03-07 10 2144.52 2 AR-PG565 2023-03-27 2023-03-07 3063.60 2023-03-07 PG Books
Copyright © 2025, The Librarian, Library and Information Centre, BMSCA D&P, Bengaluru. All Rights Reserved
web counter

Powered by Koha